Book section Open Access

Schwere Hagelstürme in Deutschland und Europa

Kunz, Michael; Mohr, Susanna; Punge, Heinz Jürgen


MARC21 XML Export

<?xml version='1.0' encoding='UTF-8'?>
<record xmlns="http://www.loc.gov/MARC21/slim">
  <leader>00000nam##2200000uu#4500</leader>
  <datafield tag="520" ind1=" " ind2=" ">
    <subfield code="a">&lt;p&gt;Schwere Hagelst&amp;uuml;rme in Deutschland und Europa: Schwere Hagelst&amp;uuml;rme k&amp;ouml;nnen innerhalb von nur wenigen Minuten erhebliche Sch&amp;auml;den in Milliardenh&amp;ouml;he an Geb&amp;auml;uden, landwirtschaftlichen Kulturen oder Fahrzeugen verursachen. Hagel entsteht in Gewitterwolken aus der Interaktion verschiedener Prozesse auf unterschiedlichen Raum- und Zeitskalen. Diese reichen von wolkenmikrophysikalischen Vorg&amp;auml;ngen im Nanometerbereich &amp;uuml;ber die Entstehung von Gewitterwolken im Bereich von einigen Kilometern bis hin zu geeigneten Gro&amp;szlig;wetterlagen, die sich &amp;uuml;ber rund 1000 km erstrecken. Die r&amp;auml;umliche Ausdehnung der Hagelz&amp;uuml;ge und folglich auch die Schadenfl&amp;auml;chen sind dagegen sehr stark begrenzt. Aus diesem Grund liegen nur sehr wenige zuverl&amp;auml;ssige, qualitativ hochwertige Hagelbeobachtungen &amp;uuml;ber l&amp;auml;ngere Zeitr&amp;auml;ume vor. Um die lokale Hagelh&amp;auml;ufigkeit, die beispielsweise f&amp;uuml;r die Quantifizierung des Hagelrisikos von Versicherungen ben&amp;ouml;tigt wird, zu bestimmen, werden Hagelsignale meist indirekt aus Datens&amp;auml;tzen verschiedener Fernerkundungssysteme (z.B. Radare, Satelliten) abgeleitet. Diesbez&amp;uuml;gliche Untersuchungen zeigen eine sehr hohe r&amp;auml;umliche Variabilit&amp;auml;t der Hagelereignisse, die sowohl von der gro&amp;szlig;r&amp;auml;umigen Klimatologie als auch von lokalen topografischen Eigenschaften bestimmt ist. Basierend auf verschiedenen, f&amp;uuml;r die Entstehung von Hagel relevanten meteorologischen Gr&amp;ouml;&amp;szlig;en aus Beobachtungs- oder Modelldaten zeigen alle Studien, dass die Wahrscheinlichkeit von Hagelst&amp;uuml;rmen &amp;uuml;ber Deutschland und Mitteleuropa in den vergangenen Jahren vor allem durch die Zunahme der Konvektionsenergie in der Atmosph&amp;auml;re angestiegen ist und in der Zukunft wohl weiter ansteigen wird.&lt;/p&gt;

&lt;p&gt;&lt;em&gt;&lt;strong&gt;Severe Hailstorms in Germany and Europe:&lt;/strong&gt;&lt;/em&gt; Within only a few minutes, severe hailstorms can cause significant damage running into billions to buildings, agricultural crops or vehicles. Hail forms inside of thunderstorm clouds due to the interaction of different processes on different spatial and temporal scales. These range from cloud microphysics on the nanometer scale to the formation of storm clouds on the kilometer scale to large-scale weather conditions that extend to around 1000 kilometers. The spatial extent of the hailstreaks and, consequently, also the damage patterns are spatially very limited. For this reason, there is a significant lack of reliable, high-quality observational hail data over longer periods. In order to determine the local hail frequency, which is needed, for example, by the insurance industry to quantify the hail risk, hail signals are usually determined indirectly using datasets from remote sensing instruments such as radars or satellites. Related examinations reveal a very high spatial variability of the hail events, which is determined by both the large-scale climatology and local-scale topographic characteristics. Based on various meteorological parameters relevant to the formation of hailstorms gained from observations or model data, studies show that the probability of hailstorms over Germany and central Europe has increased over recent years, above all due to the increase in convective energy in the atmosphere, and likely will continue to increase over future decades.&lt;/p&gt;</subfield>
  </datafield>
  <datafield tag="100" ind1=" " ind2=" ">
    <subfield code="a">Kunz, Michael</subfield>
  </datafield>
  <datafield tag="540" ind1=" " ind2=" ">
    <subfield code="u">https://creativecommons.org/licenses/by/4.0/legalcode</subfield>
    <subfield code="a">Creative Commons Attribution 4.0 International</subfield>
  </datafield>
  <datafield tag="650" ind1="1" ind2="7">
    <subfield code="a">cc-by</subfield>
    <subfield code="2">opendefinition.org</subfield>
  </datafield>
  <datafield tag="980" ind1=" " ind2=" ">
    <subfield code="a">publication</subfield>
    <subfield code="b">section</subfield>
  </datafield>
  <controlfield tag="001">9515</controlfield>
  <datafield tag="856" ind1="4" ind2=" ">
    <subfield code="s">2695337</subfield>
    <subfield code="u">https://www.fdr.uni-hamburg.de/record/9515/files/Kunz et al..pdf</subfield>
    <subfield code="z">md5:a1ba7111e2b3c4e830ee37889a981525</subfield>
  </datafield>
  <datafield tag="773" ind1=" " ind2=" ">
    <subfield code="a">10.25592/uhhfdm.9514</subfield>
    <subfield code="i">isVersionOf</subfield>
    <subfield code="n">doi</subfield>
  </datafield>
  <datafield tag="773" ind1=" " ind2=" ">
    <subfield code="a">Hamburg, Germany</subfield>
    <subfield code="b">Verlag Wissenschaftliche Auswertungen in Kooperation mit GEO Magazin-Hamburg</subfield>
    <subfield code="t">Warnsignal Klima: Extremereignisse</subfield>
    <subfield code="g">236-242</subfield>
    <subfield code="z">EAN13 97839820067-03</subfield>
  </datafield>
  <datafield tag="653" ind1=" " ind2=" ">
    <subfield code="a">significant damage, severe hailstorms, Hail forms, thunderstorm clouds, cloud microphysics, observational hail data, hail frequency,  insurance industry, hail risk, hailstorms</subfield>
  </datafield>
  <datafield tag="024" ind1=" " ind2=" ">
    <subfield code="a">10.25592/uhhfdm.9515</subfield>
    <subfield code="2">doi</subfield>
  </datafield>
  <datafield tag="024" ind1=" " ind2=" ">
    <subfield code="a">10.25592/warnsignal.klima.extremereignisse.35</subfield>
    <subfield code="2">doi</subfield>
    <subfield code="q">alternateidentifier</subfield>
  </datafield>
  <datafield tag="909" ind1="C" ind2="O">
    <subfield code="o">oai:fdr.uni-hamburg.de:9515</subfield>
    <subfield code="p">user-klima</subfield>
    <subfield code="p">user-uhh</subfield>
  </datafield>
  <datafield tag="980" ind1=" " ind2=" ">
    <subfield code="a">user-klima</subfield>
  </datafield>
  <datafield tag="980" ind1=" " ind2=" ">
    <subfield code="a">user-uhh</subfield>
  </datafield>
  <datafield tag="245" ind1=" " ind2=" ">
    <subfield code="a">Schwere Hagelstürme in Deutschland und Europa</subfield>
  </datafield>
  <datafield tag="260" ind1=" " ind2=" ">
    <subfield code="c">2018-11-01</subfield>
  </datafield>
  <datafield tag="700" ind1=" " ind2=" ">
    <subfield code="a">Mohr, Susanna</subfield>
  </datafield>
  <datafield tag="700" ind1=" " ind2=" ">
    <subfield code="a">Punge, Heinz Jürgen</subfield>
  </datafield>
  <datafield tag="700" ind1=" " ind2=" ">
    <subfield code="a">Lozán, José L.</subfield>
    <subfield code="4">edt</subfield>
  </datafield>
  <datafield tag="700" ind1=" " ind2=" ">
    <subfield code="a">Breckle, Siegmar-W.</subfield>
    <subfield code="4">edt</subfield>
  </datafield>
  <datafield tag="700" ind1=" " ind2=" ">
    <subfield code="a">Graßl, Hartmut</subfield>
    <subfield code="4">edt</subfield>
  </datafield>
  <datafield tag="700" ind1=" " ind2=" ">
    <subfield code="a">Kasang, Dieter</subfield>
    <subfield code="4">edt</subfield>
  </datafield>
  <datafield tag="700" ind1=" " ind2=" ">
    <subfield code="a">Weisse, Ralf</subfield>
    <subfield code="4">edt</subfield>
  </datafield>
  <datafield tag="542" ind1=" " ind2=" ">
    <subfield code="l">open</subfield>
  </datafield>
  <controlfield tag="005">20210728085129.0</controlfield>
  <datafield tag="041" ind1=" " ind2=" ">
    <subfield code="a">deu</subfield>
  </datafield>
</record>

Cite record as